000 00615nam a2200181 i 4500
001 22887
003 ES-MaACL
005 20230906152756.0
007 t|
008 021205s1863 sp d |||| | spa d
080 _a355(038)
100 1 _aAlmirante, José.
_920154
245 1 0 _aDiccionario militar
_b: etimológico, histórico, tecnológico : con dos vocabularios, francés y alemán /
_cpor José Almirante.
260 _aMadrid :
_b[s.n.,
_c1863] (
_fImp. Depósito de la Guerra)
300 _aXIV, 1218 p. ;
_c27 cm.
650 4 _aArte y ciencia militar-
_vDiccionarios.
_9155031
852 _aES-MaACL
_jG-12269
999 _c22887
_d22887